MDQL
is popping MORE tags! Check the
thread
!
Quizzes
Events
Quiz Creation
Community
Videos
Private Events
Remove Ads
Sign In
Join for FREE
Feedback
Dark Mode
Quiz Categories
Sports
Geography
Music
Movies
Television
Just For Fun
Miscellaneous
History
Literature
Language
Science
Gaming
Entertainment
Religion
Holiday
For Kids
Quiz Lab
Recent
Popular Today
Quiz Kudos Today
Editor Picks
Curator Picks
Quizzes by...
Day
Popularity
Type
Ratings
Length
Year
Community
Subscriptions
Recent Discussions
Orange Saloon
Badges
Playlists
Quests
Create
Leaderboards
Showdown
Live 5
Trivia Bingo
Activity
Puzzle Library
Sporcle Events
Private Events
Virtual Trivia
Globe League
Become a Host
Pub Owners
SporcleCon
Opinionation
Our Games
Videos
Blog
Mobile Apps
Partnerships
Remove Ads and Go Orange
Feedback
Music
Pop Music
The Beatles
Song
Album
Lyrics
Bands
Singers
Artist
Clip
Rock
Rap
Classical
Billboard
Country Music
Kpop
Taylor Swift
Music
Pop Music
The Beatles
Song
Album
Lyrics
Bands
Singers
Artist
Clip
Rock
Rap
Classical
Billboard
Country Music
Kpop
Taylor Swift
Random Quiz
Search Sporcle
×
Quiz Lab
Quiz Lab
Music
Figure Out the Lyrics
Type in answers that appear in a list
Type in answers that appear in a list
Classic
Best Score? Go Orange.
Figure out the lyrics Stats
Can you name the Figure out the lyrics?
By
welshrose
10m
227 Questions
139 Plays
139 Plays
139 Plays
Comments
Comments
Give Quiz Kudos
Give Quiz Kudos
-
- Ratings
hide this ad
Replay
Link that replays current quiz
Next Quiz
Link to next quiz in quiz playlist
You Got
0%
They Got
Avg Score
54%
Avg Friend Score
Upgrade to see
Score Distribution
Jump to the score distribution portion of the page
Score
0/227
Timer
10:00
0
Plays Today
% Correct
the
99.3%
And
99.3%
a
99.3%
and
99.3%
and
99.3%
a
99.3%
and
99.3%
a
99.3%
a
99.3%
you,
97.8%
you,
97.8%
you
97.8%
you
97.8%
you,
97.8%
you
97.8%
you
97.8%
you
97.8%
you,
97.8%
you
97.8%
you
97.8%
you
97.8%
you,
97.8%
to
89.9%
to
89.9%
To
89.9%
to
89.9%
to
89.9%
to
89.9%
to
89.9%
to
89.9%
be
87.8%
be
87.8%
be
87.8%
be
87.8%
do
86.3%
do
86.3%
it
83.5%
in
83.5%
it
83.5%
it
83.5%
an
83.5%
your
82%
your
82%
can
80.6%
can
80.6%
can
80.6%
go,
79.9%
is
79.1%
for
77.7%
we
77.7%
for
77.7%
we
77.7%
for
77.7%
for
77.7%
for
77.7%
if
74.8%
if
74.8%
if
74.8%
if
74.8%
if
74.8%
if
74.8%
if
74.8%
of
71.9%
of
71.9%
so
71.2%
not
69.1%
not
69.1%
have
66.9%
have
66.9%
have
66.9%
Have
66.9%
have
66.9%
my
65.5%
my
65.5%
my
65.5%
it's
65.5%
% Correct
my
65.5%
can't
64.7%
can't
64.7%
all
64%
all
64%
all
64%
I'll
63.3%
I'll
63.3%
i'll
63.3%
I'll
63.3%
then
62.6%
as
62.6%
see
62.6%
as
62.6%
as
62.6%
as
62.6%
time
61.9%
time
61.9%
why
61.2%
why
61.2%
one
59.7%
at
59.7%
from
59%
we're
59%
this
58.3%
know
57.6%
just
56.8%
up,
55.4%
up,
55.4%
up,
55.4%
up,
55.4%
up
55.4%
up,
55.4%
up,
55.4%
I
54%
but
54%
I
54%
I
54%
here.
54%
I
54%
I
54%
I
54%
I
54%
I
54%
I
54%
I
54%
say.
53.2%
say
53.2%
say.
53.2%
only
52.5%
hear
51.1%
hear
51.1%
hear
51.1%
you've
50.4%
I've
50.4%
been
48.9%
we'll
48.9%
we'll
48.9%
we'll
48.9%
look
48.2%
our
48.2%
our
48.2%
our
48.2%
our
48.2%
make
47.5%
get
47.5%
every
46.8%
out
46.8%
want
46%
last
43.9%
done.
43.2%
way
43.2%
think
42.4%
thing
41%
sing
40.3%
that's
38.8%
% Correct
heart
36%
voice,
35.3%
voice
35.3%
voice
35.3%
voice
35.3%
voice,
35.3%
lives
34.5%
lives
34.5%
Even
33.8%
even
33.8%
even
33.8%
even
33.8%
days
31.7%
really
30.9%
right,
30.9%
right
30.9%
those
30.9%
long
30.9%
right
30.9%
right
30.9%
away
30.2%
eyes
29.5%
run
28.8%
run
28.8%
hard
28.1%
few
28.1%
cry
27.3%
single
25.9%
beside
25.2%
dear.
25.2%
beside
25.2%
dear,
25.2%
find
25.2%
dear,
25.2%
beside
25.2%
dear.
25.2%
makes
24.5%
goodbyes
23.7%
choice,
23%
cannot
23%
might
23%
choice,
23%
cannot
23%
choice,
23%
cannot
23%
Light
21.6%
light
21.6%
hardly
21.6%
Light
21.6%
Light
21.6%
hardly
21.6%
Light
21.6%
light
21.6%
barely
20.9%
understand,
20.9%
understand
20.9%
speak,
18.7%
speak
18.7%
little
18%
anywhere
17.3%
raise
17.3%
raise
17.3%
heads.
16.5%
nearly
15.1%
making
15.1%
Louder,
14.4%
louder,
14.4%
Louder,
14.4%
louder
14.4%
bound
14.4%
easier
12.2%
afraid,
12.2%
mess.
12.2%
Slower
11.5%
Slower
11.5%
Quiz Playlist
Details
Report
Send in Message
Add To Playlist
Classic:
Type in answers that appear in a list
Last Updated: Feb 16, 2017
Quiz Scoreboard
CHALLENGE
Sign Up to Join the Scoreboard
Show All
Scores
Hide
Comments
May contain spoilers
Recently Published
1-10 Letter E Words III
by El_Dandy
Language
2m
Street Fighter Characters
by Artimus82
Gaming
60s
College Basketball Coaching Resumes
by pancakes188
Sports
9m
More to Explore
Quiz From the Vault
Featured Blog Post
Where Did the Easter Bunny Come From?
hide this ad
You Might Also Like...
Tags
Figure Out the Lyrics
Today's Top Quizzes in Music
Browse Music
hide this ad
Today's Top Quizzes in Figure Out the Lyrics
Browse Figure Out the Lyrics
Top Contributed Quizzes in Music
1
Taylor Swift All Songs (2024)
2
Taylor Swift Logic Puzzle
3
Guess the Artist- 70s Songs
4
7-to-1: Billboard Hot 100 #1 Hits of 2010s
5
Sorting Albums and Songs
6
KPOP LOGIC QUIZ
7
Billboard Blitz: Aretha Franklin
8
Guess the Taylor Swift song (Mystery Song)
9
Guess The Taylor Swift Lyrics Song #1
10
Billboard Blitz: ABBA
Explore More
Trending Topics
Crossword
Anime
Harry Potter
Disney
NBA
Kpop
Marvel
Pokémon
Song
NFL
The Office
Soccer
WWE
Country
Puzzle
hide this ad
More By:
welshrose
Quiz
Plays
Rating
Category
Featured
Created
Figure out the lyrics
139
Music
Jul 27, 2011
Mead Vale
4
Geography
Jul 6, 2011
Go to Creator's Profile
Score Distribution
Quiz Creator Spotlight
welshrose
Follow
Send a Message
Quizzes Created
-
Created Quiz Play Count
-
More By This Creator
Popular Quizzes Today
1
Find the US States - No Outlines Minefield
2
Find the Countries of Europe - No Outlines Minefield
3
Find the US States
4
The Countries of the World
5
Risky Map Clicking: Biggest States A-Z
6
US States
7
Popular People in 1961
8
Movies - When Are They Set?
More Music Quizzes
The Last Word: Albums V
Published
Trending Quizzes
Risky Map Clicking: Least Populous States A-Z
1-10 Letter G Words
Countries of the World: 200 Million BC
1-10 Letter F Words
Risky Map Clicking: Next State Alphabetically
Recently Updated
Largest US Cities 1790-2010
pecheneg
Rides in Walt Disney World
pecheneg
Most Oscar Losses (Acting)
pecheneg
Beyoncé Albums
pecheneg
Leaping Animals
pecheneg
Reality TV Shows (A-Z)
bhenderson79
Rickey Henderson's Hall of Fame Teammates
pecheneg
Champions League XIs: Arsenal
pecheneg
Quick Pick: Celebrities in WWE's Hall of Fame
aduchscher
A-Z Keypad Blitz II
pecheneg
Trending Topics
Crossword
Kpop
Anime
Marvel
Harry Potter
NBA
Disney
Puzzle
Pokémon
WWE
NFL
Soccer
Song
Country
The Office
Your Account Isn't Verified!
In order to create a playlist on Sporcle, you need to verify the email address you used during registration. Go to your
Sporcle Settings
to finish the process.
Report this User
Report this user for behavior that violates our
Community Guidelines
.
Details:
Send Report
Go to the Sporcle.com Mobile Site →
Comments